The global casino : (Record no. 9081)

MARC details
000 -LEADER
fixed length control field 01136cam a2200301 a 4500
001 - CONTROL NUMBER
control field 13582072
003 - CONTROL NUMBER IDENTIFIER
control field OSt
005 - DATE AND TIME OF LATEST TRANSACTION
control field 20240708094417.0
008 - FIXED-LENGTH DATA ELEMENTS--GENERAL INFORMATION
fixed length control field 040504s2003 enkab b 001 0 eng
010 ## - LIBRARY OF CONGRESS CONTROL NUMBER
LC control number 2004271618
020 ## - INTERNATIONAL STANDARD BOOK NUMBER
International Standard Book Number 0340809493 (pb)
040 ## - CATALOGING SOURCE
Transcribing agency must
050 00 - LIBRARY OF CONGRESS CALL NUMBER
Classification number GF41
Item number .M525 2003
082 00 - DEWEY DECIMAL CLASSIFICATION NUMBER
Classification number 333.72 MID 2003
Edition number 22
100 1# - MAIN ENTRY--PERSONAL NAME
Personal name Middleton, Nick.
9 (RLIN) 9853
245 14 - TITLE STATEMENT
Title The global casino :
Remainder of title an introduction to environmental issues /
Statement of responsibility, etc. Nick Middleton.
250 ## - EDITION STATEMENT
Edition statement 3rd ed.
260 ## - PUBLICATION, DISTRIBUTION, ETC. (IMPRINT)
Place of publication, distribution, etc. London :
Name of publisher, distributor, etc. Arnold ;
Place of publication, distribution, etc. New York :
Name of publisher, distributor, etc. Distributed in the U.S.A. by Oxford University Press,
Date of publication, distribution, etc. 2003.
300 ## - PHYSICAL DESCRIPTION
Extent xi, 435 p. :
Other physical details ill., maps ;
Dimensions 25 cm.
504 ## - BIBLIOGRAPHY, ETC. NOTE
Bibliography, etc Includes bibliographical references (p. [398]-423) and index.
650 #0 - SUBJECT ADDED ENTRY--TOPICAL TERM
Topical term or geographic name as entry element Human ecology.
9 (RLIN) 4354
650 #0 - SUBJECT ADDED ENTRY--TOPICAL TERM
Topical term or geographic name as entry element Environmental policy.
9 (RLIN) 1624
650 #0 - SUBJECT ADDED ENTRY--TOPICAL TERM
Topical term or geographic name as entry element Environmentalism.
9 (RLIN) 18478
856 42 - ELECTRONIC LOCATION AND ACCESS
Materials specified Publisher description
Uniform Resource Identifier <a href="http://www.loc.gov/catdir/enhancements/fy0620/2004271618-d.html">http://www.loc.gov/catdir/enhancements/fy0620/2004271618-d.html</a>
906 ## - LOCAL DATA ELEMENT F, LDF (RLIN)
a 7
b cbc
c origcop
d 2
e ncip
f 20
g y-gencatlg
942 ## - ADDED ENTRY ELEMENTS (KOHA)
Source of classification or shelving scheme Dewey Decimal Classification
Koha item type Open Shelf
Holdings
Withdrawn status Lost status Source of classification or shelving scheme Damaged status Not for loan Home library Current library Date acquired Source of acquisition Inventory number Total Checkouts Full call number Barcode Date last seen Price effective from Koha item type
    Dewey Decimal Classification     MUST Main Library MUST Main Library 08/07/2024 donation 06/26138   333.72 MID 2003 2024-21800 08/07/2024 08/07/2024 Open Shelf